| 000 | 00986nam0a22002771 4500 | ||
|---|---|---|---|
| 001 | v19\rc\1797160 | ||
| 005 | 20250619084154.0 | ||
| 035 | _a(NLR Aleph) 004892964 | ||
| 090 |
_a5291088 _c5291088 |
||
| 100 | _a20061204d1905 |||y0rusy50 ca | ||
| 101 | 0 | _arus | |
| 102 | _aRU | ||
| 105 | _aa z |||a| | ||
| 200 | 1 |
_aПотеха _e[Рассказы в стихах для детей] _e(Заимствовано с нем.) _fСост. Лев У-ц |
|
| 210 |
_aМосква _cт-во И.Д. Сытина _d[1905] |
||
| 215 |
_a24 с. _cцв. ил. _d21 |
||
| 300 | _aАвт. установлен по изд.: Масанов И.Ф. Словарь псевдонимов... М., 1958. Т. 3 | ||
| 700 | 1 |
_aУманец _bЛ.И. _gЛев Игнатьевич _4220 |
|
| 790 | 1 |
_aУ-ц _bЛ. _gЛев |
|
| 801 | 0 |
_aRU _bNLR _gpsbo |
|
| 801 | 0 |
_aRU _bRuMoRGB _2psbo |
|
| 801 | 1 |
_aRU _bProSoft-M _2rusmarc |
|
| 852 |
_aNLR _j34.53.4.1060 |
||
| 899 |
_aRuMoRGB _jE 43/187 |
||
| 942 | _cBOOK | ||
| 980 | _aNB | ||